Województwa przelotowe - Statystyki

Ogólne statystyki
  • Ten quiz został rozwiązany 1 669 razy
  • Średni wynik to 15 z 18
Statystyki odpowiedzi
Miejsca Województwo % Poprawnych
Łódź >> Białystok Mazowieckie
99%
Elbląg >> Koszalin Pomorskie
96%
Królewiec >> Suwałki Warmińsko-Mazurskie
92%
Wrocław >> Bydgoszcz Wielkopolskie
91%
Opole >> Leszno Dolnośląskie
87%
Kraków >> Ostrawa Śląskie
84%
Preszów >> Lwów Podkarpackie
83%
Piła >> Płock Kujawsko-Pomorskie
82%
Kielce >> Kalisz Łódzkie
82%
Radom >> Brześć Lubelskie
81%
Zielona Góra >> Grudziądz Wielkopolskie
80%
Kłajpeda >> Szczecin Pomorskie
79%
Ostrowiec Świętokrzyski >> Bielsko-Biała Małopolskie
75%
Poczdam >> Helsinki Zachodniopomorskie
75%
Tarnów >> Radom Świętokrzyskie
73%
Liberec >> Görlitz Dolnośląskie
70%
Chociebuż >> Gniezno Lubuskie
70%
Martin >> Zgierz Śląskie
54%
Nie znaleziono quizów pasujących do podanych kryteriów
Rozkład punktacji
Procent ludzi z każdym wynikiem
Percentyl według liczby udzielonych odpowiedzi
Twoja historia wyników
Nie rozwiązałeś tego quizu